=LDR 00000nam 2200000 4500 =001 INLIS000000000016614 =005 20130612111902 =008 ***********************************Ind** =035 ##$$0010-061300000016614 =041 ##$$a Ind =082 ##$$a 028.5 =090 ##$$a 028.5, Mua b =100 ##$$a Muakir, Ali =245 ##$$a Bertemu bintang di langit, Ali Muakir =260 ##$$a 2000 $b Bandung =300 ##$$a 15 hlm, ilus, 17 cm =650 ##$$a Bacaan anak-anak =850 ##$$a NBPNMAT